| 000 | 00509nam a2200169Ia 4500 | ||
|---|---|---|---|
| 008 | 230917s9999||||xx |||||||||||||| ||und|| | ||
| 020 | _cRS480 | ||
| 040 |
_e257512 _aMAIN |
||
| 041 | _aEnglish | ||
| 082 | _a345.06 A92P(23) | ||
| 100 | _aAvtar Singh | ||
| 245 | 0 | _aPrinciples of the law of evidence: A study of the Indian evidence act, 1872 | |
| 260 |
_aAllahabad _bCentral Law Publications _c2018 |
||
| 300 | _alxxii, 632 p. | ||
| 500 | _a3585 19/08/2019 RBP19/76691 06/09/2019 Main Budget | ||
| 942 | _cBK | ||
| 999 |
_c32576 _d32576 |
||